<?xml version="1.0" encoding="UTF-8"?>
<record
    xmlns:xsi="http://www.w3.org/2001/XMLSchema-instance"
    xsi:schemaLocation="http://www.loc.gov/MARC21/slim http://www.loc.gov/standards/marcxml/schema/MARC21slim.xsd"
    xmlns="http://www.loc.gov/MARC21/slim">

  <leader>01250nam a22002777a 4500</leader>
  <datafield tag="999" ind1=" " ind2=" ">
    <subfield code="c">119818</subfield>
    <subfield code="d">119818</subfield>
  </datafield>
  <controlfield tag="003">dpl</controlfield>
  <controlfield tag="005">20190507140609.0</controlfield>
  <controlfield tag="008">190507b           ||||| |||| 00| 0 eng d</controlfield>
  <datafield tag="010" ind1=" " ind2=" ">
    <subfield code="a">B-047482</subfield>
  </datafield>
  <datafield tag="020" ind1=" " ind2=" ">
    <subfield code="c">90.00</subfield>
    <subfield code="a">8122502369</subfield>
  </datafield>
  <datafield tag="035" ind1=" " ind2=" ">
    <subfield code="a">B-047482, B-047486</subfield>
  </datafield>
  <datafield tag="037" ind1=" " ind2=" ">
    <subfield code="b">Cen Lib/Ret</subfield>
  </datafield>
  <datafield tag="040" ind1=" " ind2=" ">
    <subfield code="a">DPL</subfield>
    <subfield code="b">HN</subfield>
    <subfield code="c">0</subfield>
  </datafield>
  <datafield tag="082" ind1=" " ind2=" ">
    <subfield code="a">649.1</subfield>
    <subfield code="b">&#x905;&#x917;&#x94D;&#x930;&#x935;&#x93E;</subfield>
  </datafield>
  <datafield tag="100" ind1=" " ind2=" ">
    <subfield code="a">&#x905;&#x917;&#x94D;&#x930;&#x935;&#x93E;&#x932;, &#x930;&#x947;&#x916;&#x93E; </subfield>
    <subfield code="9">87022</subfield>
  </datafield>
  <datafield tag="245" ind1=" " ind2=" ">
    <subfield code="a">&#x906;&#x92A; &#x914;&#x930; &#x906;&#x92A;&#x915;&#x93E; &#x92C;&#x93E;&#x932;&#x915; :</subfield>
    <subfield code="c">&#x930;&#x947;&#x916;&#x93E; &#x905;&#x917;&#x94D;&#x930;&#x935;&#x93E;&#x932; </subfield>
    <subfield code="b">&#x90F;&#x921;&#x932;&#x930; &#x915;&#x947; &#x92E;&#x93E;&#x928;&#x935; &#x935;&#x94D;&#x92F;&#x935;&#x939;&#x93E;&#x930; &#x92A;&#x930; &#x906;&#x927;&#x93E;&#x930;&#x93F;&#x924; /</subfield>
  </datafield>
  <datafield tag="246" ind1=" " ind2=" ">
    <subfield code="a">Ap aur apka balak : edlar ke manav sidhdht par adharit /</subfield>
    <subfield code="b">by Rekha Agravaal</subfield>
  </datafield>
  <datafield tag="260" ind1=" " ind2=" ">
    <subfield code="a">&#x907;&#x932;&#x939;&#x93E;&#x92C;&#x93E;&#x926; </subfield>
    <subfield code="b">&#x915;&#x93F;&#x924;&#x93E;&#x92C; &#x92E;&#x939;&#x932; </subfield>
    <subfield code="c">2001</subfield>
  </datafield>
  <datafield tag="270" ind1=" " ind2=" ">
    <subfield code="b">&#x907;&#x932;&#x939;&#x93E;&#x92C;&#x93E;&#x926; </subfield>
    <subfield code="a">22, &#x938;&#x930;&#x94B;&#x91C;&#x93F;&#x928;&#x940; &#x928;&#x93E;&#x92F;&#x921;&#x942; &#x92E;&#x93E;&#x930;&#x94D;&#x917; </subfield>
    <subfield code="e">211001</subfield>
  </datafield>
  <datafield tag="300" ind1=" " ind2=" ">
    <subfield code="a">223&#x92A;&#x943;.:</subfield>
    <subfield code="c">19&#x938;&#x947;&#x92E;&#x940;(&#x938;&#x91C;&#x93F;&#x932;&#x94D;&#x926; ) </subfield>
    <subfield code="b">&#x938;&#x91A;&#x93F;&#x924;&#x94D;&#x930; </subfield>
  </datafield>
  <datafield tag="650" ind1=" " ind2=" ">
    <subfield code="a">&#x92C;&#x91A;&#x94D;&#x91A;&#x94B;&#x902; &#x915;&#x940; &#x926;&#x947;&#x916;&#x92D;&#x93E;&#x932; </subfield>
    <subfield code="x"> </subfield>
    <subfield code="z"> </subfield>
    <subfield code="9">87023</subfield>
  </datafield>
  <datafield tag="650" ind1=" " ind2=" ">
    <subfield code="a">&#x92E;&#x93E;&#x924;&#x93E; &#x92A;&#x93F;&#x924;&#x93E; &#x926;&#x94D;&#x935;&#x93E;&#x930;&#x93E; &#x926;&#x947;&#x916;&#x92D;&#x93E;&#x932;</subfield>
    <subfield code="9">87024</subfield>
  </datafield>
  <datafield tag="650" ind1=" " ind2=" ">
    <subfield code="a">Babysitting</subfield>
    <subfield code="9">87025</subfield>
  </datafield>
  <datafield tag="650" ind1=" " ind2=" ">
    <subfield code="a">Parental care</subfield>
    <subfield code="9">41925</subfield>
  </datafield>
  <datafield tag="942" ind1=" " ind2=" ">
    <subfield code="2">ddc</subfield>
    <subfield code="c">HN</subfield>
    <subfield code="h">649.1</subfield>
    <subfield code="m">&#x905;&#x917;&#x94D;&#x930;&#x935;&#x93E;</subfield>
  </datafield>
  <datafield tag="952" ind1=" " ind2=" ">
    <subfield code="0">0</subfield>
    <subfield code="1">0</subfield>
    <subfield code="4">0</subfield>
    <subfield code="7">0</subfield>
    <subfield code="a">L</subfield>
    <subfield code="b">L</subfield>
    <subfield code="d">2015-09-18</subfield>
    <subfield code="e">Cen Lib/Ref</subfield>
    <subfield code="g">90.00</subfield>
    <subfield code="l">0</subfield>
    <subfield code="o">649.1 &#x905;&#x917;&#x94D;&#x930;&#x935;&#x93E;</subfield>
    <subfield code="p">B-047482</subfield>
    <subfield code="r">2015-09-18 00:00:00</subfield>
    <subfield code="t">1</subfield>
    <subfield code="v">90.00</subfield>
    <subfield code="w">2015-09-18</subfield>
    <subfield code="y">HN</subfield>
  </datafield>
  <datafield tag="952" ind1=" " ind2=" ">
    <subfield code="0">0</subfield>
    <subfield code="1">0</subfield>
    <subfield code="2">ddc</subfield>
    <subfield code="4">0</subfield>
    <subfield code="7">0</subfield>
    <subfield code="8">NFIC</subfield>
    <subfield code="a">BL4</subfield>
    <subfield code="b">BL4</subfield>
    <subfield code="d">2019-05-07</subfield>
    <subfield code="e">BPPD/PUB</subfield>
    <subfield code="g">90.00</subfield>
    <subfield code="l">0</subfield>
    <subfield code="o">649.1 &#x905;&#x917;&#x94D;&#x930;&#x935;&#x93E;</subfield>
    <subfield code="p">B-047486</subfield>
    <subfield code="r">2019-05-07 00:00:00</subfield>
    <subfield code="v">90.00</subfield>
    <subfield code="w">2019-05-07</subfield>
    <subfield code="y">HN</subfield>
  </datafield>
</record>
